Airplane Parts Quiz - Statistics

General Stats
  • This quiz has been taken 741 times
  • The average score is 10 of 16
Answer Stats
Picture Answer % Correct
Wing
96%
Cockpit
91%
Engine
91%
Nose
88%
Flaps
81%
Landing Gear
81%
Fuselage
72%
Cabin
66%
Wingtip
66%
Aileron
57%
Rudder
55%
Throttle
54%
Yoke
54%
Spoiler
52%
Static Wicks
10%
Baggage Compartment
7%
No matching quizzes found
Score Distribution
Percent of People with Each Score
Percentile by Number Answered
Your Score History
You have not taken this quiz